Trên đường học tập và nghiên cứu Tập phê bình và tiểu luận; T3

Enregistré dans:
Détails bibliographiques
Auteur principal: Đặng Thai Mai
Format: Livre
Langue:Undetermined
Publié: Hà Nội Văn học 1973
Sujets:
Tags: Ajouter un tag
Pas de tags, Soyez le premier à ajouter un tag!
Thư viện lưu trữ: Trung tâm Học liệu Trường Đại học Cần Thơ
LEADER 00615nam a2200193Ia 4500
001 CTU_13794
008 210402s9999 xx 000 0 und d
082 |a 809 
082 |b M103t/T3 
100 |a Đặng Thai Mai 
245 0 |a Trên đường học tập và nghiên cứu 
245 0 |b Tập phê bình và tiểu luận; T3 
245 0 |c Đặng Thai Mai 
260 |a Hà Nội 
260 |b Văn học 
260 |c 1973 
650 |a literature - history and criticism 
904 |i Nguyễn Quang Điền, 961212 
980 |a Trung tâm Học liệu Trường Đại học Cần Thơ